Loading...
| Literature - American Lit | 2 | 2 | 0 | 1 | 50 | 59 | 87.00 | 2 | 4 |
| Literature - World Lit | 2 | 1 | 0 | 1 | 40 | 55 | 92.33 | 1 | 3 |
| Thought - Philosophy | 1 | 2 | 0 | 0 | 35 | 45 | 71.00 | 2 | 3 |
| Other - Other Academic | 1 | 2 | 0 | 1 | 35 | 61 | 108.33 | 1 | 3 |
| Thought - Social Science | 0 | 3 | 0 | 0 | 30 | 71 | 90.67 | 1 | 3 |
| Other - Geo/CE | 1 | 1 | 0 | 0 | 25 | 51 | 62.50 | 2 | 2 |
| Science - Biology | 0 | 2 | 1 | 0 | 15 | 77 | 99.50 | 2 | 2 |
| Science - Chemistry | 0 | 1 | 0 | 0 | 10 | 84 | 84.00 | 1 | 1 |
| Beliefs - Religion | 0 | 1 | 0 | 0 | 10 | 102 | 102.00 | 0 | 1 |
| History - World History | 0 | 1 | 0 | 1 | 10 | 121 | 121.00 | 0 | 1 |
| Science - Other Science | 0 | 1 | 1 | 1 | 5 | 123 | 123.00 | 0 | 1 |
| Literature - Euro Lit | 0 | 0 | 1 | 0 | -5 | 0.00 | 0 | 0 | |
| Literature - British Lit | 0 | 0 | 1 | 0 | -5 | 0.00 | 0 | 0 |